|
|
|
|
| LEADER |
00000cam a2200000 a 4500 |
| 001 |
vtls010345231 |
| 003 |
SK-MaSNL |
| 005 |
20260302082507.0 |
| 008 |
240315s2011 xo e p 000 0 slo |
| 015 |
|
|
|a SNBA2012/07-04011
|
| 020 |
|
|
|a 9788055703237
|q (brož.)
|
| 035 |
|
|
|a A158E239-E99F-4EAA-A1CF-26CA52D87F0B
|
| 035 |
|
|
|a urn:nbn:sk:snk-amlc63
|
| 035 |
|
|
|a urn:nbn:sk:snk-am0091jb
|
| 040 |
|
|
|a SNK
|b slo
|c SNK
|e AACR2
|
| 041 |
0 |
|
|a slo
|b eng
|
| 044 |
|
|
|a xo
|c SK
|
| 072 |
|
7 |
|a 338.3/.4
|x Hospodárske a výrobné odvetvia
|2 konspekt
|
| 072 |
|
7 |
|a 351
|x Úlohy verejnej správy, správne opatrenia. Legislatíva
|2 konspekt
|
| 080 |
|
|
|a 338.46
|2 2001
|
| 080 |
|
|
|a 351
|2 2001
|
| 080 |
|
|
|a (075.8)
|2 2001
|
| 100 |
1 |
|
|a Benčo, Jozef,
|d 1938-2013
|4 aut
|9 101359
|
| 245 |
1 |
0 |
|a Ekonomika verejných služieb
|c Jozef Benčo, Helena Kuvíková a kol.
|
| 250 |
|
|
|a 1. vyd.
|
| 260 |
|
|
|a Banská Bystrica
|b Univerzita Mateja Bela
|c 2011
|
| 300 |
|
|
|a 333 s.
|b grafy, sch., tab.
|c 24 cm
|
| 366 |
|
|
|e 200 výt.
|
| 504 |
|
|
|a Bibliogr. odkazy. Zoz. grafov, obr. a tab.
|
| 546 |
|
|
|a Angl. res.
|
| 650 |
0 |
7 |
|a ekonomika služieb
|2 SNKPH
|9 73479
|
| 650 |
0 |
7 |
|a verejné služby
|2 SNKPH
|9 1540
|
| 650 |
0 |
7 |
|a Economics of services
|2 SNKPHeng
|9 280173
|
| 650 |
0 |
7 |
|a Public utilities
|2 SNKPHeng
|9 328136
|
| 655 |
|
7 |
|a učebnice vysokých škôl
|2 SNKPH
|9 70191
|
| 655 |
|
7 |
|a Textbooks (higher)
|2 SNKPHeng
|9 276436
|
| 700 |
1 |
|
|a Kuvíková, Helena,
|d 1950-
|4 aut
|9 100831
|
| 700 |
1 |
|
|a Mikušová Meričková, Beáta,
|d 1976-
|4 aut
|9 151377
|
| 700 |
1 |
|
|a Šebo, Ján
|4 aut
|9 444339
|
| 700 |
1 |
|
|a Štrangfeldová, Jana,
|d 1960-
|4 aut
|9 311862
|
| 852 |
|
|
|a Štátna vedecká knižnica v Banskej Bystrici
|
| 919 |
|
|
|a 978-80-557-0323-7
|
| 958 |
|
|
|a NB
|
| 968 |
|
|
|d 33
|
| 999 |
|
|
|c 1180246
|d 1182176
|
| 952 |
|
|
|a SNK
|b SNK
|y PREZ
|7 0
|p 17A0886533
|o snkSC 149219
|i snk2012/8321
|8 0
|0 0
|1 0
|4 0
|d 2012-04-24
|f 1
|l 0
|r 2025-07-17 00:00:00
|w 2026-02-24
|
| 952 |
|
|
|a SNK
|b SNK
|y VYP
|7 0
|p 17A0886532
|o snkSC 149219 D1
|i snk2012/8322
|8 0
|0 0
|1 0
|4 0
|d 2012-04-24
|l 0
|r 2026-02-24 21:36:03
|w 2026-02-24
|